[Event "ch-FRA Blitz Online Qual"]
[Site "Europe-Chess INT"]
[Date "2020.05.16"]
[Round "9"]
[White "Porchel, Baptiste"]
[Black "Rieger, Emmanuel"]
[Result "1-0"]
[WhiteElo "1104"]
[BlackElo "1306"]
[WhiteFideId "45193037"]
[BlackFideId "551000091"]
[EventDate "2020.05.16"]

1. e4 c5 2. d4 cxd4 3. Qxd4 Nc6 4. Qa4 e6 5. Bb5 d5 6. Bxc6+ bxc6 7. Qxc6+ Bd7
8. Qb7 Bc5 9. exd5 exd5 10. Qxd5 Nf6 11. Qxc5 Rc8 12. Qxa7 O-O 13. Nc3 Re8+ 14.
Be3 Bb5 15. Nxb5 Rxc2 16. Ne2 Ng4 17. Bb6 Qd5 18. Nc3 Qd2+ 19. Kf1 Qxe2+ 20.
Nxe2 Rcxe2 21. f3 Ne3+ 22. Kxe2 1-0

[Event "ch-FRA Blitz Online Qual"]
[Site "Europe-Chess INT"]
[Date "2020.05.16"]
[Round "9"]
[White "Remtoula, Jamal"]
[Black "Cherfils, Richard"]
[Result "0-1"]
[WhiteElo "1070"]
[BlackElo "1356"]
[WhiteFideId "551099853"]
[BlackFideId "36072362"]
[EventDate "2020.05.16"]

1. d4 Nf6 2. Nf3 e6 3. Nc3 d5 4. e3 c5 5. Nb5 Bd7 6. Nd6+ Bxd6 7. Ng5 O-O 8. c3
cxd4 9. cxd4 Nc6 10. Bb5 Ne4 11. Qh5 Nxg5 12. e4 g6 13. Qh4 Nxe4 14. Qh6 Nxd4
15. Bg5 f6 0-1

[Event "ch-FRA Blitz Online Qual"]
[Site "Europe-Chess INT"]
[Date "2020.05.16"]
[Round "10"]
[White "Demuth, Adrien"]
[Black "Jobava, Baadur"]
[Result "0-1"]
[WhiteTitle "GM"]
[BlackTitle "GM"]
[WhiteElo "2492"]
[BlackElo "2603"]
[WhiteFideId "642274"]
[BlackFideId "13601520"]
[EventDate "2020.05.16"]

1. Nf3 c6 2. g3 d5 3. Bg2 Bg4 4. c4 e6 5. O-O Nf6 6. cxd5 Bxf3 7. Bxf3 cxd5 8.
Nc3 Nc6 9. d4 Rc8 10. Qa4 a6 11. Bf4 Bd6 12. Bxd6 Qxd6 13. Rfc1 O-O 14. Qd1 Rc7
15. Na4 Rfc8 16. Nb6 Rd8 17. Na4 Nd7 18. e3 Rdc8 19. Be2 g6 20. Qd2 Kg7 21. h4
Ne7 22. Rxc7 Qxc7 23. Bd3 Nf5 24. Bxf5 gxf5 25. Nc3 Nf6 26. Qe2 Qb6 27. Kg2 Rc6
28. Rc1 Qc7 29. Rd1 b5 30. a3 Rc4 31. Qf3 Qb8 32. Qf4 Qxf4 33. gxf4 Ne4 34. Nxe4
fxe4 35. Rd2 Kg6 36. f3 Kf5 37. h5 h6 38. Rf2 a5 39. Kg3 Rc1 40. fxe4+ Kxe4 41.
f5 Rg1+ 42. Kh2 Rg5 43. fxe6 fxe6 44. Rf6 Rxh5+ 45. Kg3 Rg5+ 46. Kh4 Kxe3 47.
Rxh6 Rg2 48. Rxe6+ Kxd4 49. b3 b4 50. Ra6 bxa3 51. Rxa5 a2 52. b4 Kc4 53. b5 Kc5
54. Kh3 Rb2 55. Kg3 d4 56. Kf3 d3 57. Ke3 d2 58. Ke2 d1=Q+ 59. Kxd1 Rb1+ 0-1

[Event "ch-FRA Blitz Online Qual"]
[Site "Europe-Chess INT"]
[Date "2020.05.16"]
[Round "10"]
[White "Rakotomaharo, Fy Antenaina"]
[Black "Guseinov, Gadir"]
[Result "0-1"]
[WhiteTitle "IM"]
[BlackTitle "GM"]
[WhiteElo "2422"]
[BlackElo "2665"]
[WhiteFideId "13100050"]
[BlackFideId "13401378"]
[EventDate "2020.05.16"]

1. e4 c5 2. Nf3 g6 3. d4 cxd4 4. Nxd4 Nc6 5. c4 Nf6 6. Nc3 Nxd4 7. Qxd4 d6 8. f3
Bg7 9. Be3 O-O 10. Qd2 Be6 11. Be2 Rc8 12. b3 d5 13. e5 Ne8 14. Rd1 Bxe5 15.
Nxd5 Bxd5 16. Qxd5 Qc7 17. g3 Nf6 18. Qb5 b6 19. O-O Rfd8 20. Kg2 Bd6 21. f4 Bc5
22. Bxc5 bxc5 23. Bf3 Ne8 24. Qb7 Nd6 25. Qxc7 Rxc7 26. Rd2 Rb8 27. Re1 Kf8 28.
Re5 a5 29. Rdd5 a4 30. Rxc5 Rxc5 31. Rxc5 axb3 32. axb3 Rxb3 33. Rc7 Nf5 34. c5
Nd4 35. Be4 Rb2+ 36. Kh3 f5 37. Bd5 h6 38. c6 g5 39. fxg5 hxg5 40. g4 e6 41.
Rc8+ Ke7 42. Bc4 Rc2 43. Bd3 Rc3 44. gxf5 exf5 45. c7 Rxd3+ 46. Kg2 Kd7 47. Rg8
Kxc7 48. Rxg5 Kd6 49. h4 Ke5 50. h5 Ne6 51. Rg8 Nf4+ 52. Kf2 Nxh5 0-1

[Event "ch-FRA Blitz Online Qual"]
[Site "Europe-Chess INT"]
[Date "2020.05.16"]
[Round "10"]
[White "Safarli, Eltaj"]
[Black "Laurent-Paoli, Pierre"]
[Result "1-0"]
[WhiteTitle "GM"]
[BlackTitle "FM"]
[WhiteElo "2598"]
[BlackElo "2402"]
[WhiteFideId "13402129"]
[BlackFideId "26017962"]
[EventDate "2020.05.16"]

1. e4 Nc6 2. Nf3 d6 3. Bb5 Nf6 4. Nc3 g6 5. O-O Bg7 6. d4 a6 7. Bxc6+ bxc6 8. h3
Rb8 9. b3 c5 10. e5 Nd7 11. Be3 cxd4 12. Nxd4 Nxe5 13. f4 c5 14. fxe5 cxd4 15.
Bxd4 dxe5 16. Be3 O-O 17. Qxd8 Rxd8 18. Na4 f5 19. Rad1 Rxd1 20. Rxd1 Be6 21.
Nc5 Bf7 22. Nxa6 Rc8 23. c4 f4 24. Bc1 g5 25. Bb2 e4 26. Bxg7 Kxg7 27. a4 e3 28.
Rd7 Rc6 29. Nc7 Rb6 30. Nb5 Kf6 31. c5 Re6 32. Kf1 Re5 33. b4 h5 34. c6 Bc4+ 35.
Ke1 g4 36. hxg4 hxg4 37. Nd4 Be6 38. Nxe6 Kxe6 39. Rd4 f3 40. gxf3 gxf3 41. c7
Rh5 42. c8=Q+ Kf7 43. Qc4+ e6 44. Rf4+ Ke7 45. Rxf3 Rh1+ 46. Ke2 1-0

[Event "ch-FRA Blitz Online Qual"]
[Site "Europe-Chess INT"]
[Date "2020.05.16"]
[Round "10"]
[White "Guliyev, Namig"]
[Black "Bauer, Christian"]
[Result "0-1"]
[WhiteTitle "GM"]
[BlackTitle "GM"]
[WhiteElo "2529"]
[BlackElo "2623"]
[WhiteFideId "13400363"]
[BlackFideId "603767"]
[EventDate "2020.05.16"]

1. e4 Nc6 2. Nf3 d6 3. Nc3 Nf6 4. Bb5 g6 5. d4 a6 6. Bxc6+ bxc6 7. h3 Bg7 8. Be3
Rb8 9. Rb1 O-O 10. O-O Bb7 11. Qd3 a5 12. Rfe1 Nd7 13. Qd2 Re8 14. Bh6 Bh8 15.
Rbd1 c5 16. d5 c6 17. b3 Ba8 18. Bg5 Qc8 19. Bf4 Nb6 20. e5 cxd5 21. exd6 d4 22.
Ne4 e5 23. Bg5 Bxe4 24. Rxe4 f6 25. Bh6 Qc6 26. Ree1 a4 27. Nh2 Qxd6 28. f4 e4
29. f5 Nd5 30. c4 Nb4 31. Bf4 Qb6 32. Bxb8 Qxb8 33. fxg6 e3 34. gxh7+ Kxh7 35.
Qe2 axb3 36. Qh5+ Kg8 37. Ng4 Bg7 38. axb3 Re7 39. Qxc5 Nc2 40. Qxe7 Nxe1 41.
Rxe1 f5 42. Qe6+ Kh8 43. Qxf5 Qg3 44. Qf1 Kg8 45. Ra1 Qb8 46. Qd3 Qf8 47. Rf1
Qe8 48. Nf6+ Bxf6 49. Rxf6 Kg7 50. Rf4 e2 51. Rg4+ Kh6 52. Qd2+ Qe3+ 53. Qxe3+
dxe3 54. Rh4+ Kg5 55. Rg4+ Kh5 56. Kh2 e1=Q 57. c5 Qc1 58. Re4 Qxc5 59. Kg3 Kg5
60. Kf3 Qd5 61. Kxe3 Qxb3+ 62. Kf2 Qc2+ 63. Kf3 Qd3+ 64. Re3 Qf1+ 65. Kg3 Qf4# 0-1

[Event "ch-FRA Blitz Online Qual"]
[Site "Europe-Chess INT"]
[Date "2020.05.16"]
[Round "10"]
[White "Barseghyan, Harutyun"]
[Black "Gozzoli, Yannick"]
[Result "0-1"]
[WhiteTitle "IM"]
[BlackTitle "GM"]
[WhiteElo "2463"]
[BlackElo "2600"]
[WhiteFideId "13304585"]
[BlackFideId "616915"]
[EventDate "2020.05.16"]

1. d4 d5 2. c4 c6 3. cxd5 cxd5 4. Bg5 h6 5. Bh4 Qb6 6. Nc3 e6 7. Qd2 Be7 8. Nf3
Bxh4 9. Nxh4 Nf6 10. e3 Nc6 11. Bd3 Bd7 12. Na4 Qa5 13. Nc5 Qxd2+ 14. Kxd2 Ke7
15. Rac1 Rhc8 16. Nf3 Rab8 17. a3 Be8 18. b4 Nd7 19. Nxd7 Bxd7 20. Rc3 Nd8 21.
Rhc1 Rxc3 22. Rxc3 f6 23. Kc1 Nf7 24. Nd2 Nd6 25. Kb2 g5 26. Nb3 h5 27. Nc5 Be8
28. Kb3 h4 29. a4 Rc8 30. a5 b6 31. Na6 Rxc3+ 32. Kxc3 Bb5 33. Bxb5 Nxb5+ 34.
Kb3 Kd7 35. Ka4 Nc3+ 36. Kb3 Nd1 37. b5 Nxf2 38. Ka4 Ng4 39. Nb8+ Kc7 40. Nc6
Nxe3 41. a6 Nxg2 42. Nxa7 Nf4 43. Nc6 g4 44. Nd8 Kb8 45. Nc6+ Ka8 46. Ne7 g3 47.
hxg3 hxg3 48. Nc8 g2 49. Nxb6+ Ka7 50. Nc8+ Kb8 51. a7+ Kb7 52. b6 g1=Q 53. Nd6+
Ka8 54. Kb5 Qc1 55. Ne8 Qc4+ 56. Ka5 Qa2+ 57. Kb5 Ne2 58. Kc6 Qa4+ 59. Kc7 Qxe8
60. b7+ Kxa7 0-1

[Event "ch-FRA Blitz Online Qual"]
[Site "Europe-Chess INT"]
[Date "2020.05.16"]
[Round "10"]
[White "Bellahcene, Bilel"]
[Black "Maze, Sebastien"]
[Result "1-0"]
[WhiteTitle "GM"]
[BlackTitle "GM"]
[WhiteElo "2501"]
[BlackElo "2557"]
[WhiteFideId "696358"]
[BlackFideId "613762"]
[EventDate "2020.05.16"]

1. e4 c5 2. Nf3 Nc6 3. b4 cxb4 4. d4 d5 5. exd5 Qxd5 6. c4 Qh5 7. Be2 Nf6 8. d5
Ne5 9. Nbd2 g6 10. O-O Nxf3+ 11. Bxf3 Qe5 12. Rb1 Bg7 13. Re1 Qd6 14. a3 bxa3
15. Qa4+ Bd7 16. Bxa3 Bxa4 17. Bxd6 O-O 18. Bxe7 Rfe8 19. Rxb7 Nd7 20. d6 Nc5
21. Rc7 Rac8 22. Rxa7 Bd7 23. Ne4 Nd3 24. Rf1 Ne5 25. Nf6+ Bxf6 26. Bxf6 Nxf3+
27. gxf3 Re6 28. Rxd7 Rxf6 29. Rc1 Rc5 30. Rd8+ Kg7 31. Rd1 Rg5+ 32. Kf1 Rxf3
33. Re8 Rgf5 34. Re2 1-0

[Event "ch-FRA Blitz Online Qual"]
[Site "Europe-Chess INT"]
[Date "2020.05.16"]
[Round "10"]
[White "Firouzja, Alireza"]
[Black "Valles Moreno, Ivan"]
[Result "1-0"]
[WhiteTitle "GM"]
[BlackTitle "IM"]
[WhiteElo "2728"]
[BlackElo "2417"]
[WhiteFideId "12573981"]
[BlackFideId "2205688"]
[EventDate "2020.05.16"]

1. d4 Nf6 2. c4 g6 3. Nc3 Bg7 4. e4 d6 5. f3 O-O 6. Be3 a6 7. Nge2 Nbd7 8. Qd2
b5 9. cxb5 axb5 10. Nxb5 c6 11. Nbc3 e5 12. Ng3 d5 13. Be2 c5 14. dxe5 d4 15.
exf6 dxe3 16. Qxe3 Bxf6 17. Rd1 Qa5 18. O-O Rb8 19. Nd5 Bd4 20. Rxd4 cxd4 21.
Qxd4 Qc5 22. Qxc5 Nxc5 23. Rc1 Ne6 24. b4 Bb7 25. Nb6 Rfd8 26. a4 Bxe4 27. a5
Bb7 28. b5 Kg7 29. Bf1 Rd2 30. Ne2 Ra2 31. Nc4 Bd5 32. Ne3 Ba8 33. a6 Rxb5 34.
Nc3 Rb4 35. Nxa2 1-0

[Event "ch-FRA Blitz Online Qual"]
[Site "Europe-Chess INT"]
[Date "2020.05.16"]
[Round "10"]
[White "Mamedov, Rauf"]
[Black "Bijaoui, Manuel"]
[Result "1-0"]
[WhiteTitle "GM"]
[BlackTitle "IM"]
[WhiteElo "2654"]
[BlackElo "2411"]
[WhiteFideId "13401653"]
[BlackFideId "626783"]
[EventDate "2020.05.16"]

1. e4 c5 2. Nf3 d6 3. Nc3 Nf6 4. e5 dxe5 5. Nxe5 Nbd7 6. d4 e6 7. Bb5 a6 8.
Bxd7+ Nxd7 9. Qh5 g6 10. Qf3 Qf6 11. Qxf6 Nxf6 12. Bg5 Ng8 13. Be3 Bg7 14. O-O-O
cxd4 15. Bxd4 Ne7 16. Nc4 O-O 17. Bxg7 Kxg7 18. Nb6 Rb8 19. Rhe1 Nc6 20. Ne4 e5
21. Nc5 Re8 22. f3 h5 23. h4 Bf5 24. c3 Re7 25. b4 Rbe8 26. Nd5 f6 27. Nxe7 Rxe7
28. Rd6 Na7 29. a4 Nc8 30. Rd8 Nb6 31. Rb8 Kf7 32. a5 Nd5 33. Kb2 Nf4 34. Rd1
Nxg2 35. Rxb7 Nxh4 36. b5 Nxf3 37. bxa6 e4 38. Rxe7+ Kxe7 39. a7 e3 40. a8=Q Ne5 1-0

[Event "ch-FRA Blitz Online Qual"]
[Site "Europe-Chess INT"]
[Date "2020.05.16"]
[Round "10"]
[White "Lagarde, Maxime"]
[Black "Stephan, Victor"]
[Result "1-0"]
[WhiteTitle "GM"]
[BlackTitle "IM"]
[WhiteElo "2655"]
[BlackElo "2439"]
[WhiteFideId "662399"]
[BlackFideId "656666"]
[EventDate "2020.05.16"]

1. e4 c5 2. Nf3 d6 3. d4 cxd4 4. Nxd4 Nf6 5. Nc3 a6 6. h3 e6 7. g4 Be7 8. Be3 b5
9. g5 Nfd7 10. a3 Bb7 11. Qd2 Qc7 12. h4 Ne5 13. f4 Nc4 14. Bxc4 Qxc4 15. O-O-O
Nd7 16. f5 Ne5 17. b3 Qc8 18. Rhf1 d5 19. Kb2 b4 20. Na4 bxa3+ 21. Ka2 Nc4 22.
Qc1 e5 23. Bg1 exd4 24. Bxd4 O-O 25. f6 Bd6 26. fxg7 Re8 27. h5 dxe4 28. g6 fxg6
29. hxg6 Ne5 30. gxh7+ Kxh7 31. Rh1+ Kg8 32. Rdf1 Nf3 33. c4 Qg4 34. Qh6 Kf7 35.
Qf6+ Kg8 36. Rh8# 1-0

[Event "ch-FRA Blitz Online Qual"]
[Site "Europe-Chess INT"]
[Date "2020.05.16"]
[Round "10"]
[White "Velten, Paul"]
[Black "Loiseau, Quentin"]
[Result "1-0"]
[WhiteTitle "GM"]
[BlackTitle "IM"]
[WhiteElo "2480"]
[BlackElo "2457"]
[WhiteFideId "681091"]
[BlackFideId "665274"]
[EventDate "2020.05.16"]

1. d4 Nf6 2. c4 e6 3. Nf3 b6 4. g3 Bb4+ 5. Nbd2 Bb7 6. Bg2 c5 7. dxc5 Bxc5 8.
O-O O-O 9. a3 d5 10. b4 Be7 11. Bb2 Nbd7 12. Nd4 Rc8 13. cxd5 Bxd5 14. e4 Ba8
15. Qb3 Ne5 16. Rfd1 Qc7 17. Rac1 Qb8 18. Rxc8 Qxc8 19. Nxe6 Qxe6 20. Qxe6 fxe6
21. Bxe5 Rd8 22. f3 a5 23. Bc3 axb4 24. axb4 Bc6 25. Bf1 Kf7 26. Rc1 Be8 27. Nc4
b5 28. Ne5+ Kg8 29. Bh3 Rd6 30. Be1 Nd7 31. Nc6 Bf6 32. Bf2 Ne5 33. Nxe5 Bxe5
34. f4 Bb2 35. Rc8 Kf7 36. Bc5 Rd1+ 37. Kf2 Rd2+ 38. Kf3 Bd7 39. Rf8+ Kg6 40.
Rd8 Kf7 41. Ke3 Rd1 42. Bg4 Bc1+ 43. Kf2 Rd2+ 44. Ke1 g6 45. Be3 Rxh2 46. Bxc1
Ke7 47. Rb8 h5 48. Bf3 Bc6 49. Be3 Rh3 50. Kf2 Rh2+ 51. Kg1 Rb2 52. Bc5+ Kd7 53.
Rg8 Rb1+ 54. Kf2 Rb2+ 55. Kf1 Rb1+ 56. Kg2 Rb2+ 57. Kh3 e5 58. Rg7+ Ke8 59. Rxg6
Rb3 60. Rxc6 Rxf3 61. Re6+ 1-0

[Event "ch-FRA Blitz Online Qual"]
[Site "Europe-Chess INT"]
[Date "2020.05.16"]
[Round "10"]
[White "Fantinel, Thibault"]
[Black "Piorun, Kacper"]
[Result "0-1"]
[WhiteTitle "IM"]
[BlackTitle "GM"]
[WhiteElo "2375"]
[BlackElo "2601"]
[WhiteFideId "663395"]
[BlackFideId "1130420"]
[EventDate "2020.05.16"]

1. e4 Nf6 2. e5 Nd5 3. d4 d6 4. Nf3 dxe5 5. Nxe5 c6 6. Be2 g6 7. O-O Bg7 8. c4
Nc7 9. Nc3 O-O 10. Be3 c5 11. Nf3 cxd4 12. Bxd4 Nc6 13. Bxg7 Kxg7 14. Qc1 e5 15.
Qe3 f6 16. Rfd1 Qe8 17. Nd5 Ne6 18. b4 Qf7 19. Rac1 Ned4 20. b5 Nxf3+ 21. Bxf3
Nd4 22. Rxd4 exd4 23. Qxd4 Be6 24. a4 Rad8 25. a5 Bxd5 26. Bxd5 Qc7 27. b6 axb6
28. axb6 Qe7 29. g3 Rd7 30. Ra1 Qd6 31. Ra7 Re8 32. Ra1 Qb4 33. Kg2 Rd6 34. Ra7
Qxb6 35. Qxb6 Rxb6 36. Rxb7+ Rxb7 37. Bxb7 Re5 38. Bd5 f5 39. Kf3 Kf6 40. h4 h6
41. Kf4 Re2 42. Kf3 Rc2 43. Kg2 Ke5 44. Kf3 g5 45. hxg5 hxg5 46. Kg2 Kd4 47. Kf3
Rc3+ 48. Kg2 Kd3 49. Be6 Ke4 50. Bd5+ Ke5 51. Kg1 Ra3 52. Kg2 Kd4 53. Be6 Ra5
54. Bd5 Kd3 55. Kf3 Kd2 56. Be6 Ke1 57. Ke3 Re5+ 0-1

[Event "ch-FRA Blitz Online Qual"]
[Site "Europe-Chess INT"]
[Date "2020.05.16"]
[Round "10"]
[White "Terrieux, Kevin"]
[Black "Milliet, Sophie"]
[Result "1-0"]
[WhiteTitle "IM"]
[BlackTitle "IM"]
[WhiteElo "2448"]
[BlackElo "2401"]
[WhiteFideId "622591"]
[BlackFideId "623725"]
[EventDate "2020.05.16"]

1. d4 Nf6 2. Nc3 d5 3. Bf4 e6 4. Nb5 Na6 5. e3 Be7 6. Nf3 O-O 7. Ne5 c6 8. Nc3
c5 9. Bxa6 bxa6 10. Nc6 Qe8 11. Nxe7+ Qxe7 12. dxc5 Qxc5 13. Qd4 Qxd4 14. exd4
Bd7 15. Kd2 Rac8 16. Bd6 Rfe8 17. f3 Rc6 18. Bc5 Rb8 19. b3 e5 20. Bxa7 Rbc8 21.
Bc5 exd4 22. Bxd4 Bf5 23. Rhe1 Ne8 24. Re5 Be6 25. a4 Nd6 26. g4 Nb7 27. Rc1 Nc5
28. Bxc5 Rxc5 29. Ne2 f6 30. Rxe6 1-0

[Event "ch-FRA Blitz Online Qual"]
[Site "Europe-Chess INT"]
[Date "2020.05.16"]
[Round "10"]
[White "Suarez Uriel, Adrian"]
[Black "Riff, Jean-Noel"]
[Result "1-0"]
[WhiteTitle "IM"]
[BlackTitle "GM"]
[WhiteElo "2340"]
[BlackElo "2504"]
[WhiteFideId "22230874"]
[BlackFideId "611190"]
[EventDate "2020.05.16"]

1. e4 e5 2. Nf3 Nc6 3. Bc4 Bc5 4. O-O Nf6 5. d3 d6 6. c3 O-O 7. h3 h6 8. Re1 a5
9. Bb5 Bd7 10. Nbd2 Ba7 11. Nc4 Ne7 12. Bxd7 Qxd7 13. Be3 Bxe3 14. Nxe3 a4 15.
Rc1 b5 16. Nh4 Qe6 17. a3 g6 18. Qf3 Nh5 19. Nhf5 Kh7 20. Nxe7 Qxe7 21. Nd5 Qd8
22. d4 c6 23. Ne3 Qg5 24. dxe5 dxe5 25. Rcd1 Rad8 26. Rxd8 Rxd8 27. Qxf7+ Ng7
28. Ng4 Rd6 29. Re3 h5 30. Nh2 Rd1+ 31. Nf1 Qf4 32. Qc7 Rb1 33. g3 Qf6 34. Kg2
Rd1 35. Rf3 Qd6 36. Qf7 Qe6 37. Ne3 Qxf7 38. Rxf7 Rb1 39. Rc7 Rxb2 40. Rxc6 Rb3
41. Nd5 Rxa3 42. Rb6 Rb3 43. Ra6 Ne8 44. Ra7+ Kh6 45. h4 g5 46. Ra6+ Kg7 47.
hxg5 a3 48. Kh3 Kf7 49. Kh4 Ng7 50. Ra7+ Kf8 51. g6 Rb2 52. Rf7+ Kg8 53. Nf6+ 1-0

[Event "ch-FRA Blitz Online Qual"]
[Site "Europe-Chess INT"]
[Date "2020.05.16"]
[Round "10"]
[White "Muminova, Nafisa"]
[Black "Parligras, Mircea-Emilian"]
[Result "0-1"]
[WhiteTitle "WGM"]
[BlackTitle "GM"]
[WhiteElo "2274"]
[BlackElo "2591"]
[WhiteFideId "14201526"]
[BlackFideId "1204297"]
[EventDate "2020.05.16"]

1. d4 Nf6 2. Nc3 d5 3. Bf4 c5 4. e3 cxd4 5. exd4 a6 6. Nce2 Qb6 7. b3 Bf5 8. Ng3
Bg6 9. Nf3 e6 10. a3 Nc6 11. Be2 Be7 12. O-O O-O 13. h3 Rac8 14. Qd2 Ne4 15.
Nxe4 dxe4 16. Ne5 Nxd4 17. Bd1 Rfd8 18. Qe3 Bc5 19. Nxg6 hxg6 20. Qxe4 Nf5 21.
b4 Bd4 22. Rb1 Rc4 23. Qe2 Rc3 24. Rb3 Rxb3 25. cxb3 Rc8 26. Bc2 e5 27. Bc1 Ng3
28. Qd2 Nxf1 29. Kxf1 Bxf2 30. Be4 Bd4 31. Qd1 Qf6+ 32. Bf3 e4 0-1

[Event "ch-FRA Blitz Online Qual"]
[Site "Europe-Chess INT"]
[Date "2020.05.16"]
[Round "10"]
[White "Wirig, Anthony"]
[Black "Delorme, Alban"]
[Result "0-1"]
[WhiteTitle "GM"]
[BlackTitle "FM"]
[WhiteElo "2499"]
[BlackElo "2322"]
[WhiteFideId "615013"]
[BlackFideId "623636"]
[EventDate "2020.05.16"]

1. d4 d5 2. Nf3 Nf6 3. c4 e6 4. Nc3 Be7 5. Bf4 O-O 6. a3 b6 7. cxd5 exd5 8. g3
Bb7 9. Bg2 Nbd7 10. O-O Nh5 11. Ne5 Nxf4 12. gxf4 Nf6 13. e3 c6 14. Kh1 Bd6 15.
Bf3 Qe7 16. Rg1 g6 17. Qd3 Rad8 18. Rg3 c5 19. Rag1 cxd4 20. exd4 Ne4 21. Nxe4
dxe4 22. Bxe4 Bxe4+ 23. Qxe4 Qh4 24. Rg4 Qxf2 25. f5 Bxe5 26. dxe5 Rd2 27. R4g2
Rd4 28. Qb1 Qf3 29. Rf1 Qd5 30. Qe1 Re4 31. Qf2 Rxe5 32. Kg1 Rfe8 33. fxg6 hxg6
34. Qf6 Qd4+ 35. Kh1 Qd7 36. Rfg1 Qd5 37. Rf1 Re1 38. Qf2 R8e2 39. Qg1 Rxg2 0-1

[Event "ch-FRA Blitz Online Qual"]
[Site "Europe-Chess INT"]
[Date "2020.05.16"]
[Round "10"]
[White "Doluhanova, Evgeniya"]
[Black "Arnaudov, G. Petar"]
[Result "0-1"]
[WhiteTitle "WGM"]
[BlackTitle "GM"]
[WhiteElo "2229"]
[BlackElo "2471"]
[WhiteFideId "14112035"]
[BlackFideId "2907127"]
[EventDate "2020.05.16"]

1. e4 c6 2. d4 d5 3. exd5 cxd5 4. Bd3 Nf6 5. c3 Bg4 6. Qc2 Qc7 7. h3 Bh5 8. Bg5
e6 9. Nd2 Nc6 10. Ngf3 Bd6 11. a3 Rc8 12. O-O Bf4 13. Bxf4 Qxf4 14. Rfe1 O-O 15.
Rac1 a6 16. Qb1 Rfe8 17. Ne5 Qxd2 18. Re3 Nxd4 19. g4 Ne4 20. Bxe4 dxe4 21. Rd1
Qc2 22. gxh5 Qxb1 23. Rxb1 Nb3 24. Rd1 Red8 25. Rxd8+ Rxd8 26. Rxe4 f6 27. Nf3
Nc5 28. Rb4 b5 29. a4 Nd3 30. Rb3 Nc5 31. Rb4 Nxa4 32. c4 Rd3 33. Kg2 Nb6 34.
cxb5 Nd5 35. Rd4 Rxd4 36. Nxd4 e5 37. b6 Nxb6 38. Ne6 Kf7 39. Nd8+ Ke7 40. Nc6+
Kd6 41. Nb4 a5 42. Nd3 a4 43. Kf3 Kd5 44. Ke3 Nc4+ 45. Ke2 e4 46. Nf4+ Ke5 47.
Ng2 Nxb2 48. Ne3 Kd4 49. Nc2+ Kc3 50. Na3 Nc4 0-1

[Event "ch-FRA Blitz Online Qual"]
[Site "Europe-Chess INT"]
[Date "2020.05.16"]
[Round "10"]
[White "Vedmediuc, Serghei"]
[Black "Bouget, Alexandre"]
[Result "1-0"]
[WhiteTitle "IM"]
[BlackTitle "FM"]
[WhiteElo "2464"]
[BlackElo "2238"]
[WhiteFideId "13900790"]
[BlackFideId "681318"]
[EventDate "2020.05.16"]

1. e4 e5 2. Nf3 Nc6 3. Bb5 a6 4. Ba4 Nf6 5. O-O Be7 6. Re1 b5 7. Bb3 d6 8. c3
O-O 9. d3 Na5 10. Bc2 c5 11. Nbd2 Nd7 12. d4 cxd4 13. cxd4 Nc6 14. d5 Nb4 15.
Bb1 Nc5 16. Re3 a5 17. a3 Nba6 18. b4 axb4 19. axb4 Na4 20. Qb3 f5 21. exf5 Bxf5
22. Bxf5 Rxf5 23. Ne4 Rc8 24. Bd2 Nb8 25. Ng3 Rf4 26. Nxe5 dxe5 27. d6+ Rfc4 28.
dxe7 Qxe7 29. Rae1 Nc6 30. Re4 Nb6 31. Be3 Nd5 32. Rxc4 bxc4 33. Qxc4 Qf7 34. b5
Nce7 35. Qe4 Qe6 36. Bd4 Ng6 37. Bxe5 Qxe5 38. Qxe5 Nxe5 39. Rxe5 Rc1+ 40. Nf1
Nc3 41. g3 Rb1 42. Rc5 Nxb5 43. Kg2 Nd4 44. Ne3 h6 45. h4 Ne6 46. Rd5 Rb2 47.
Rd7 Nc5 48. Rd8+ Kh7 49. h5 Ne4 50. Ng4 Rc2 51. Re8 Ng5 52. Ne5 Ne4 53. Ng6
Rxf2+ 54. Kg1 1-0

[Event "ch-FRA Blitz Online Qual"]
[Site "Europe-Chess INT"]
[Date "2020.05.16"]
[Round "10"]
[White "Marcelin, Cyril"]
[Black "Maisuradze, Nino"]
[Result "1-0"]
[WhiteTitle "GM"]
[BlackTitle "WGM"]
[WhiteElo "2444"]
[BlackElo "2214"]
[WhiteFideId "607274"]
[BlackFideId "13601717"]
[EventDate "2020.05.16"]

1. Nf3 c5 2. c3 d5 3. d4 Bf5 4. Qb3 b6 5. dxc5 bxc5 6. Qb7 Nd7 7. Qxd5 e6 8. Qd1
Ngf6 9. g3 Be7 10. Bg2 Rb8 11. Nbd2 O-O 12. Nh4 Bg4 13. h3 Bh5 14. g4 Bxg4 15.
hxg4 Nxg4 16. Nhf3 e5 17. Nh2 Nxh2 18. Rxh2 f5 19. Nc4 e4 20. Bf4 Rb7 21. Qd5+
Kh8 22. Qxb7 Nf6 23. Rd1 Qe8 24. Nd6 Bxd6 25. Bxd6 Rf7 26. Qb8 1-0

[Event "ch-FRA Blitz Online Qual"]
[Site "Europe-Chess INT"]
[Date "2020.05.16"]
[Round "10"]
[White "Ioannidis, Evgenios"]
[Black "Suarez Real, Alberto"]
[Result "1-0"]
[WhiteTitle "IM"]
[BlackTitle "IM"]
[WhiteElo "2401"]
[BlackElo "2448"]
[WhiteFideId "4229274"]
[BlackFideId "2218534"]
[EventDate "2020.05.16"]

1. c4 g6 2. g3 Bg7 3. Bg2 c5 4. Nc3 Nc6 5. Nf3 Nh6 6. h3 Nf5 7. O-O O-O 8. g4
Nfd4 9. Ne1 e5 10. e3 Ne6 11. Nd5 d6 12. d3 Rb8 13. Rb1 b5 14. cxb5 Rxb5 15. Qa4
a6 16. Nc3 Qb6 17. Nxb5 axb5 18. Qd1 f5 19. gxf5 Rxf5 20. Nc2 Kh8 21. b4 cxb4
22. Nxb4 Ne7 23. e4 Rf8 24. Be3 Qd8 25. Qc2 Nf4 26. Bxf4 exf4 27. f3 Ng8 28. Nc6
Qh4 29. d4 Bd7 30. d5 Bxc6 31. dxc6 Bd4+ 32. Kh1 Nf6 33. Rbd1 Be3 34. c7 Rc8 35.
Qc3 Kg8 36. Rxd6 Nh5 37. Rfd1 Ng3+ 38. Kh2 Ne2 39. Rd8+ Kf7 40. Qb3+ Kf6 41.
Qb2+ Kg5 42. Qe5+ Kh6 43. Rxc8 Qg3+ 44. Kh1 Qf2 45. Rh8 Ng3+ 46. Kh2 Nf5 47.
exf5 Qg3+ 48. Kh1 Bg1 49. Rxg1 1-0

[Event "ch-FRA Blitz Online Qual"]
[Site "Europe-Chess INT"]
[Date "2020.05.16"]
[Round "10"]
[White "Polivanov, Anatoliy"]
[Black "Msellek, Ilyass"]
[Result "0-1"]
[WhiteTitle "IM"]
[BlackTitle "FM"]
[WhiteElo "2452"]
[BlackElo "2316"]
[WhiteFideId "14109468"]
[BlackFideId "675938"]
[EventDate "2020.05.16"]

1. e4 c5 2. Nf3 e6 3. c3 Nf6 4. e5 Nd5 5. Bc4 Nc7 6. d4 b6 7. O-O Bb7 8. dxc5
Bxc5 9. Bg5 Be7 10. Bxe7 Qxe7 11. Qd6 Nd5 12. Nbd2 Qxd6 13. exd6 Nf4 14. Rfe1 f6
15. g3 Nh3+ 16. Kf1 Nc6 17. Ne4 h6 18. Bd3 Kf7 19. Kg2 Ng5 20. Nexg5+ hxg5 21.
Be4 Na5 22. Bxb7 Nxb7 23. Rad1 g4 24. Nd4 Rh5 25. Ne2 Rah8 26. Rh1 Re5 27. Nf4
g5 28. Nd3 Rd5 29. Nb4 Rxd6 30. Rxd6 Nxd6 31. Rd1 Ke7 32. Nd3 a5 33. Nc1 Nc4 34.
b3 Ne5 35. Ne2 Nf3 36. h3 Rxh3 37. Ng1 Rh2+ 38. Kf1 Rh1 39. Kg2 Rxg1+ 40. Rxg1
Nxg1 41. Kxg1 Kd6 42. Kf1 Ke5 43. Ke2 Ke4 44. a4 d5 45. b4 e5 46. b5 d4 47. c4
d3+ 48. Kd2 Kd4 49. c5 Kxc5 50. Kxd3 Kb4 0-1